| 000 | 00000nam##2200000za#4500 |
| 001 | 9.635705 |
| 003 | CaOODSP |
| 005 | 20210624220401 |
| 007 | cr ||||||||||| |
| 008 | 150407|2008||||xxc|||||o f|0| 0 fre|d |
| 020 | |a978-0-662-04704-9 |
| 040 | |aCaOODSP|bfre |
| 043 | |an-cn--- |
| 086 | 1 |aA52-112/2008F-PDF |
| 110 | 1 |aCanada. |bAgriculture et agroalimentaire Canada. |bDirection générale de la recherche. |
| 245 | 10|aRégion de l'Atlantique - 'Honeycrisp' : |h[ressource électronique]|bréaliser un équilibre entre croissance végétative et production |
| 260 | |aOttawa - Ontario : |bAgriculture et Agroalimentaire Canada. |cc2008. |
| 300 | |a7p.|bphotographies |
| 590 | |a12-24-Supp|b2012-05-30 |
| 691 | 07|aPomme|2gcpds |
| 691 | 07|aProduit agro-alimentaire|2gcpds |
| 691 | 07|aRecherche et développement|2gcpds |
| 775 | 08|tAtlantic Canada - 'Honeycrisp' : |w(CaOODSP)9.691374 |
| 856 | 40|ahttp://publications.gc.ca|qPDF|s544 Ko|uhttps://publications.gc.ca/collections/collection_2011/agr/A52-112-2008-fra.pdf |
| 986 | |aNo. AAC 10736F |